| 000 | 00484nmm a22001697a 4500 | ||
|---|---|---|---|
| 005 | 20170209143047.0 | ||
| 008 | 150727b xxu||||| |||| 00| 0 spa d | ||
| 041 | _aEspañol | ||
| 082 | _aMD 60 | ||
| 100 |
_aRojas Picado, Katheryn _94077 |
||
| 245 | _aInforme de Práctica Supervisada realizado en el Laboratorio Dental La Torre | ||
| 260 | _c2012 | ||
| 650 |
_aCOSTA RICA _938825 |
||
| 650 |
_aMECÁNICA DENTAL _938826 |
||
| 650 |
_aPRÓTESIS IMPLANTOSOPORTADA _94079 |
||
| 942 | _cIP | ||
| 999 |
_c6686 _d6686 |
||